|
|
|
|
| LEADER |
00000cam a2200000 a 4500 |
| 001 |
vtls001461287 |
| 003 |
SK-MaSNL |
| 005 |
20260301014133.0 |
| 008 |
250312s1972 xo 000 0 slo |
| 015 |
|
|
|a SNBA1972
|
| 035 |
|
|
|a SNK000416594
|
| 035 |
|
|
|a urn:nbn:sk:snk-am3hdad
|
| 035 |
|
|
|a AD2D9D51-0447-4F0B-8654-345CB043EF92
|
| 035 |
|
|
|a urn:nbn:sk:snk-am00a1me
|
| 040 |
|
|
|a SNK
|b slo
|c SNK
|e AACR2
|
| 041 |
0 |
|
|a slo
|
| 044 |
|
|
|a xo
|c SK
|
| 080 |
|
|
|a 885.4-1
|2 1981
|
| 100 |
1 |
|
|a Novomeský, Ladislav,
|d 1904-1976
|4 aut
|9 75208
|
| 245 |
1 |
0 |
|a Vila Tereza
|b [úryvok]
|c Ladislav Novomeský
|
| 250 |
|
|
|a 3. vyd.
|
| 260 |
|
|
|a Bratislava
|b Tatran
|c 1972
|
| 300 |
|
|
|a 6 s.
|
| 500 |
|
|
|a Na 50. výročie založenia ZSSR ...
|
| 655 |
|
7 |
|a slovenská poézia
|2 SNKPH
|9 70444
|
| 655 |
|
7 |
|a úryvky
|2 SNKPH
|9 84604
|
| 852 |
|
|
|a Slovenská národná knižnica
|
| 954 |
|
|
|a beletria pôvodná (slovenská)
|2 lita
|
| 958 |
|
|
|a OND
|
| 958 |
|
|
|a LX
|
| 999 |
|
|
|c 557939
|d 559869
|
| 952 |
|
|
|t P60, <04>, [BOOK], {604}
|a SNK
|b SNK
|y VYP
|7 0
|p 17A0400816
|o snkSB 32912 D1
|i snkKSP 7640/83
|0 0
|1 0
|4 0
|d 2003-10-14
|l 0
|r 2005-01-02 00:00:00
|w 2026-02-23
|
| 952 |
|
|
|a SNK
|b SNK
|y PREZ
|7 0
|p 17A0982387
|o snkSB 32912
|i snkK 2744/81
|8 3
|0 0
|1 0
|4 0
|d 2012-07-19
|f 1
|l 0
|r 2025-04-07 00:00:00
|w 2026-02-23
|
| 952 |
|
|
|a SNKLM
|b SNKLM
|y NEVYP
|7 0
|o snklmMK 7344
|8 3
|0 0
|1 0
|4 0
|d 2007-04-30
|l 0
|r 2026-02-23 13:31:35
|w 2026-02-23
|